| 000 | 01430cam a2200337 a 4500 | ||
|---|---|---|---|
| 003 | OSt | ||
| 005 | 20210201095612.0 | ||
| 008 | 120906s2010 ck ao r 000 0 mul d | ||
| 020 | _a9789589860342 | ||
| 040 |
_aCO-BoPUJ _cCO-JMCR |
||
| 041 | 0 |
_aspa _aeng |
|
| 082 | 0 | 4 |
_a330.9861 / _bB928m _223 |
| 100 | 1 |
_aBuelvas, Juan Manuel, _eEditor _912923 |
|
| 245 | 0 | 3 |
_aEl mejor de los negocios / _ceditor Juan Manuel Buelvas ; traducción, Andreina Riccardi |
| 246 | 1 | 1 | _aBest deal |
| 250 | _aPrimera edición | ||
| 260 |
_aBogotá : _bMinisterio de Minas y Energía, _c2010 |
||
| 300 |
_a[191] páginas : _bilustraciones, fotografías a color _c25 x 31 cm. |
||
| 505 | 0 | _aMinerales combustibles -- Minerales -- Generación de energía -- Combustibles -- Protagonistas: las personas | |
| 505 | 0 | _aFuel minerals -- Minerals -- Generating energy -- Fuel -- Protagonist: The people | |
| 546 | _aTexto en Español e Inglés. | ||
| 650 | 1 | 4 |
_aProtección del medio ambiente _zColombia _910193 |
| 650 | 2 | 4 |
_aConservación del medio ambiente _zColombia _912924 |
| 650 | 2 | 4 |
_aMinerales _zColombia _912925 |
| 650 | 2 | 4 |
_aGeneración de energía _912926 |
| 650 | 2 | 4 |
_aEconomía ambiental _912927 |
| 700 | 1 |
_aBuelvas, Juan Manuel _eeditor _912923 |
|
| 700 | 1 |
_aRiccardi, Andreina _etraductor _912928 |
|
| 942 |
_2ddc _cBK |
||
| 999 |
_c7079 _d7079 |
||